01363nam a2200253 i 4500001000300000111010000003245018500103260004700288300003100335490015000366500010600516504002400622650001800646650002900664655002900693700002700722830015100749020001500900040000800915041001600923080003100939008004100970856009801011bg2 aKonferencja Naukowo-Techniczna Produkcja i Zarządzanie w Hutnictwien(13 ;d2005 ;cSzczyrk).10aZarządzanie w przedsiębiorstwie :bXIII Konferencja Naukowo-Techniczna, Szczyrk 29 czerwca - 2 lipca 2005.nCz. 2 /c[red. nauk. Ryszard Budzik] ; Politechnika Częstochowska. aCzęstochowa :bWydaw. WIPMiFS PC,c2005. aS.305-599 :bil. ;c24 cm.1 aMateriały Konferencyjne Wydziału Inżynierii Procesowej, Materiałowej i Fizyki Stosowanej / Politechnika Częstochowska. Metalurgia ;vnr 49 atyt. cz.1.: "Produkcja i zarządzanie w hutnictwie". Tekst częśc., ros. Streszcz. ang. przy ref. aBibliogr. przy ref. 9aZarządzanie 9aHutnictwoxzarządzanie aMateriały konferencyjne1 aBudzik, Ryszard.eRed. 0aMateriały Konferencyjne Wydziału Inżynierii Procesowej, Materiałowej i Fizyki Stosowanej (Politechnika Częstochowska).pMetalurgia ;vnr 49 a8387745030 cBPK0 apolrusbeng a65:669(438)"1989/..."(061) s pl f |000 0 pol  uhttp://koha.tu.koszalin.pl/cgi-bin/koha/opac-detail.pl?biblionumber=51766yKatalog online BPK